| Tag |
First Indicator |
Second Indicator |
Subfields |
| LEADER |
00000cam a2200000 4500 |
| 001 |
in00000289021 |
| 005 |
20151010082251.0 |
| 008 |
750708s1961 ncua 00000 eng d |
| 010 |
|
|
|a 61010665
|
| 035 |
|
|
|a (OCoLC)01436374
|
| 035 |
|
|
|9 ABF8445AM
|
| 040 |
|
|
|c ORL
|d TXA
|d UtOrBLW
|
| 049 |
|
|
|a TXAM
|c [405166]
|
| 050 |
0 |
0 |
|a RC78
|b .C32 1961
|
| 082 |
0 |
|
|a 616.0757
|
| 100 |
1 |
|
|a Cahoon, John B.
|
| 245 |
1 |
0 |
|a Formulating X-ray technics.
|
| 250 |
|
|
|a 5th ed.
|
| 264 |
|
1 |
|a Durham, N.C. :
|b Duke University Press,
|c 1961.
|
| 300 |
|
|
|a 351 pages :
|b illustrations ;
|c 25 cm.
|
| 336 |
|
|
|a text
|b txt
|2 rdacontent
|
| 337 |
|
|
|a unmediated
|b n
|2 rdamedia
|
| 338 |
|
|
|a volume
|b nc
|2 rdacarrier
|
| 650 |
|
0 |
|a Radiography.
|
| 999 |
|
|
|a MARS
|
| 999 |
f |
f |
|s beda8c71-7656-3e99-9e9f-298731b934f2
|i 070b7e16-7cc2-3939-ab96-b0e84733a91a
|t 0
|
| 952 |
f |
f |
|p ric
|a Texas A&M University
|b Rellis Campus
|c Joint Library Facility
|d Remote Storage
|t 0
|e RC78 .C32 1961
|h Library of Congress classification
|i unmediated -- volume
|m A14805088288
|
| 998 |
f |
f |
|a RC78 .C32 1961
|t 0
|l Remote Storage
|